Normal view
MARC view
- Glass Philip
Entry Personal Name
001 - CONTROL NUMBER
- control field: 24198
003 - CONTROL NUMBER IDENTIFIER
- control field: IT-RoPau
005 - DATE AND TIME OF LATEST TRANSACTION
- control field: 20140506123730.0
008 - FIXED-LENGTH DATA ELEMENTS
- fixed length control field: 140506|| aca||aabn | a|a d
040 ## - CATALOGING SOURCE
- Original cataloging agency: IT-RoPau
- Transcribing agency: IT-RoPau
100 ## - HEADING--PERSONAL NAME
- Personal name: Glass Philip
- Miscellaneous information: Codice interprete SPICS: 11482
- Relator term: Interprete
670 ## - SOURCE DATA FOUND
- Source citation: Work cat.: (IT-RoPau)103900: Glass Philip 14251, Powaqqatsi-Original Music Composed By Philip Glass